00371nam a22001337a 450000500170000000800410001704100130005808200120007110000130008324500350009626000480013130000320017965000260021120240726070821.0240726b |||||||| |||| 00| 0 eng d aEnglish  a349 SOU lEnglish  aThe South African Law Reports  aCape Town: bJuta and Company Ltd,c1887-88 bxxxiv, 424 pages; c25 cm.  aLegal practice bLaw